El cálculo (Registro nro. 1181)
[ vista simple ]
| 000 -LEADER | |
|---|---|
| fixed length control field | 01603 a2200217 4500 |
| 001 - CONTROL NUMBER | |
| control field | 24390 |
| 005 - DATE AND TIME OF LATEST TRANSACTION | |
| control field | 20260407155528.0 |
| 008 - FIXED-LENGTH DATA ELEMENTS--GENERAL INFORMATION | |
| fixed length control field | 260407a1987 arg spa d |
| 003 - CONTROL NUMBER IDENTIFIER | |
| control field | AR-UNSa-BCEJYS |
| 040 ## - CATALOGING SOURCE | |
| Original cataloging agency | AR-UNSa-BCEJYS |
| Language of cataloging | spa |
| Transcribing agency | AR-UNSa-BCEJYS |
| 080 ## - UNIVERSAL DECIMAL CLASSIFICATION NUMBER | |
| Universal Decimal Classification number | 517.1 |
| Common auxiliary subdivision | Introducción al análisis. (Cálculo) |
| 041 ## - LANGUAGE CODE | |
| Language code of text/sound track or separate title | spa |
| 100 1# - MAIN ENTRY--PERSONAL NAME | |
| Personal name | Leithold, Louis |
| 245 10 - TITLE STATEMENT | |
| Title | El cálculo |
| Name of part/section of a work | con geometría análitica |
| 250 ## - EDITION STATEMENT | |
| Edition statement | 5a. ed |
| 264 #1 - PRODUCTION, PUBLICATION, DISTRIBUTION, MANUFACTURE, AND COPYRIGHT NOTICE | |
| Place of production, publication, distribution, manufacture | México : |
| Name of producer, publisher, distributor, manufacturer | Harla |
| Date of production, publication, distribution, manufacture, or copyright notice | 1987 |
| 300 ## - PHYSICAL DESCRIPTION | |
| Extent | 1608 p. |
| Dimensions | 22 cm. |
| 505 ## - FORMATTED CONTENTS NOTE | |
| Formatted contents note | 0. Temas matemáticos previos al cálculo - Parte 1:Funciones de unasola variable: 1. Límites y continuidad - 2. La derivada y la diferenciación - 3. Valores extremos de funciones y técnicas de graficación - 4. Integral definida e integración - 5. Aplicaciones de la integral definida - 6. Funciones inversas, logarítmicas y exponenciales - 7. Funciones trigonométricas inversas y funciones hiperbólicas - 8. Técnicas de integración - 9. Formas indeterminadas, integrales impropias y fórmulas de Taylor - 10. Coordenadas plares y secciones cónicas - Parte 2: Series Infinitas: 11. Sucesions y series infinitas de térinos constantes - 12. Series de potencias - 13. Vectores en el plano y ecuaciones paramétricas - 14. Vectores y geometría analítica en el espacio - 15. Cálculo diferencial de funciones de más de una variable - 16. Derivadas direccionales, gradientes y aplicaciones de las derivadas parciales - 17. Integración múliple - 18. Aplicaciones del cálculo en capos vectoriales - 19. Apéndice. |
| 590 ## - LOCAL NOTE (RLIN) | |
| Local note | niveau_biblio:m niveau_hierar:0 |
| 942 ## - ADDED ENTRY ELEMENTS (KOHA) | |
| Koha item type | |
| Withdrawn status | Lost status | Damaged status | Not for loan | Home library | Current library | Shelving location | Date acquired | Total checkouts | Full call number | Barcode | Date last seen | Price effective from | Koha item type |
|---|---|---|---|---|---|---|---|---|---|---|---|---|---|
| Biblioteca Prof. Eusebio Cleto del Rey | Biblioteca Prof. Eusebio Cleto del Rey | 07/04/2026 | 517.1 L533c 5ed. | L53761 | 07/04/2026 | 07/04/2026 | Libro | ||||||
| Biblioteca Prof. Eusebio Cleto del Rey | Biblioteca Prof. Eusebio Cleto del Rey | 07/04/2026 | 517.1 L533c 5ed. | L53767 | 07/04/2026 | 07/04/2026 | Libro | ||||||
| Biblioteca Prof. Eusebio Cleto del Rey | Biblioteca Prof. Eusebio Cleto del Rey | 07/04/2026 | 517.1 L533c 5ed. | L45624 | 07/04/2026 | 07/04/2026 | Libro | ||||||
| Biblioteca Prof. Eusebio Cleto del Rey | Biblioteca Prof. Eusebio Cleto del Rey | 07/04/2026 | 517.1 L533c 5ed. | L45625 | 07/04/2026 | 07/04/2026 | Libro | ||||||
| Biblioteca Prof. Eusebio Cleto del Rey | Biblioteca Prof. Eusebio Cleto del Rey | 07/04/2026 | 517.1 L533c 5ed. | L45622 | 07/04/2026 | 07/04/2026 | Libro |